000 00497cam a2200157 a 4500
082 0 0 _a641.5636
_bMOO
_cL-NUST, P,40
100 1 _aMoo, rosemary
_944493
245 1 4 _aClassic vegetarian
_cRosemary moon
260 _aLondon ;
_aTwickenham :
_cc1995.
300 _a252 p. :
_bill. ;
_c30 cm.
526 _a0
_b0
_c0
_d641_563600000000000_MOO
526 _a0
_b0
_c0
_d641_563600000000000_MOO
526 _a0
_b0
_c0
_d641_563600000000000_MOO
526 _a0
_b0
_c0
_d641_563600000000000_MOO
942 _2ddc
_cBK
999 _c548266
_d548266